Quick Pick: Portuguese as an Official Language Quiz Stats

 Plays Quiz Updated May 15, 2019

Score 0/9 Timer 01:00
0 Plays Today
% Correct
Portugal
98.2%
Brazil
96.5%
São Tomé and Príncipe
84.6%
Cabo Verde
83.8%
Guinea-Bissau
78%
Angola
74.2%
Equatorial Guinea
72.8%
Mozambique
70.2%
Timor-Leste
63%

Today's Daily Dose

Word Ladder
NCT Songs

Get the Picture
Mathematicians

You're not logged in!

Compare scores with friends on all Sporcle quizzes.
OR
Log In

Show Comments

Extras

Top Quizzes Today


Score Distribution

Your Account Isn't Verified!

In order to create a playlist on Sporcle, you need to verify the email address you used during registration. Go to your Sporcle Settings to finish the process.

Report this User

Report this user for behavior that violates our Community Guidelines.

Details: